000 01924cam a2200577 4500
001 22042
003 VRT
005 20260318094045.0
008 210624s2019 xo o gr 000 f slo
015 _aSNBA2020/06
020 _a9788056904886
_q(viazané)
035 _aurn:nbn:sk:snk-am00edqi
035 _aurn:nbn:sk:snk-am3ih1b
035 _a7DAD5CC2-B6AB-4D5E-895A-D83D02B8B11B
039 9 _a202106241121
_bVLOAD
_c202102090837
_dVLOAD
_c202102081057
_dVLOAD
_c202006041208
_dmsnk159
040 _aPPPK
_bslo
_cPPPK
_dSNK
_erda
041 0 _aslo
043 _aa-su---
_aa-ku---
044 _axo
_cSK
072 7 _a821.162.4-3
_xSlovenská próza
_2konspekt
080 _a(532)
_22011
080 _a(536.8)
_22011
080 _a821.162.4-32
_22011
080 _a(0:82-992)
_22011
080 _a(0:82-322.6)
_22011
100 1 _aBulbeck, Soňa,
_d1961-
_4aut
_4pht
245 1 0 _aPúštne srdce
_cSoňa Bulbeck
250 _a1. vydanie
264 1 _aBratislava
_bMarenčin PT
_c2019
300 _a142 strán
_bfotografie
_c21 cm
336 _atext
_btxt
_2rdacontent
337 _abez média
_bn
_2rdamedia
338 _azväzok
_bnc
_2rdacarrier
651 7 _aSaudská Arábia
_2SNKPHgeo
651 7 _aKuvajt
_2SNKPHgeo
651 7 _aSaudi Arabia
_2SNKPHeng
651 7 _aKuwait
_2SNKPHeng
655 7 _aslovenské príbehy
_2SNKPH
655 7 _acestopisné prózy
_2SNKPH
655 7 _aSlovak stories
_2SNKPHeng
655 7 _aTravel prose
_2SNKPHeng
655 7 _aautobiografické prózy
_2SNKPH
655 7 _aAutobiographical prose
_2SNKPHeng
910 _asnk
942 _2ddc
_cKLDO
_n0
949 _617A1417992
_asnkSC 188385
_bsnk2020/6894
_o460/2020
_s6100:20200608
949 _617A1417993
_asnkSC 188385 D1
_bsnk2020/6895
_o460/2020
949 _6273K0651921
_asvkpoA 244622
_bsvkpo643979
949 _6270001000641730
_asvkbbA 160187
_bsvkbbm 789304
949 _62889355279
_asavukPV 29764
_bsavuk2020/712
999 _c22042
_d22042